| 000 | 00398pab a2200145 454500 | ||
|---|---|---|---|
| 008 | 180718b1991 xxu||||| |||| 00| 0 eng d | ||
| 100 | _aKunden, H.N. | ||
| 245 |
_aUrban Cooperative Banks Vis - a - Vis Reserve Bank of India _bNeed for a parental approach |
||
| 260 | _c1991 | ||
| 300 | _a11-14 | ||
| 362 | _aMay | ||
| 650 | _aCooperative Banks - India | ||
| 773 | _aBanking Finance | ||
| 909 | _a6677 | ||
| 999 |
_c6677 _d6677 |
||